000 01119cam a2200253 4500
001 ABS65511
008 020605n2002 000 0 eng u
035 _a(Sirsi) u118282
100 _aTaylor, C
245 _aSlimming down the car park
260 _c2002
490 _aFacilities Management
_v9(8) May 2002, 20-21(2)
520 _aHighlights the cost of car parks both directly and indirectly to the company and the need to curb car usage in order to reduce this cost as well as use the land more effectively and efficiently such as for expansion of the company buildings. Discusses means of reducing car use - promotion of public transport, cycling and walking, and the use of technology such as teleconferencing which remove the need for travel. Reports on a successful transport policy at a site in Cheshire just south of Manchester.
590 _aABS
650 _aTRANSPORT POLICIES
650 _aCAR PARKS
650 _aCAR PARKING
650 _aPUBLIC TRANSPORT
650 _aCAR USE
650 _aCOMMUTING
650 _aCYCLING
690 _aMANAGEMENT-FACILITIES MANAGEMENT
942 _n0
999 _c70416
_d70416